Исследование эффективности интерактивных методов обучения для формирования готовности молодых спасателей к профессиональной деятельности в ЧС; Экология и безопасность в техносфере: современные проблемы и пути решения
| Parent link: | Экология и безопасность в техносфере: современные проблемы и пути решения.— 2014.— С. 323-324 |
|---|---|
| Altri autori: | , , , |
| Riassunto: | Заглавие с титульного экрана Текстовый файл |
| Lingua: | russo |
| Pubblicazione: |
2014
|
| Serie: | Современные технологии ликвидации ЧС и техническое обеспечение аварийно- спасательных работ |
| Soggetti: | |
| Accesso online: | http://earchive.tpu.ru/handle/11683/18564 http://www.lib.tpu.ru/fulltext/c/2014/C52/107.pdf |
| Natura: | Elettronico Capitolo di libro |
| KOHA link: | https://koha.lib.tpu.ru/cgi-bin/koha/opac-detail.pl?biblionumber=610344 |
MARC
| LEADER | 00000naa2a2200000 4500 | ||
|---|---|---|---|
| 001 | 610344 | ||
| 005 | 20260402155225.0 | ||
| 035 | |a (RuTPU)RU\TPU\conf\7950 | ||
| 035 | |a RU\TPU\conf\7811 | ||
| 090 | |a 610344 | ||
| 100 | |a 20150120d2014 k y0rusy50 ca | ||
| 101 | 0 | |a rus | |
| 102 | |a RU | ||
| 135 | |a drcn ---uucaa | ||
| 181 | 0 | |a i |b e | |
| 182 | 0 | |a b | |
| 183 | 1 | |a cr |2 RDAcarrier | |
| 200 | 1 | |a Исследование эффективности интерактивных методов обучения для формирования готовности молодых спасателей к профессиональной деятельности в ЧС |f Т. А. Белькова, С. Ю. Тадыева, И. В. Толстихин, П. В. Родионов | |
| 203 | |a Текст |c электронный |b визуальный | ||
| 225 | 1 | |a Современные технологии ликвидации ЧС и техническое обеспечение аварийно- спасательных работ | |
| 283 | |a online_resource |2 RDAcarrier | ||
| 300 | |a Заглавие с титульного экрана | ||
| 320 | |a Библиогр.: с. 324 (3 назв.) | ||
| 336 | |a Текстовый файл | ||
| 463 | 1 | |0 (RuTPU)RU\TPU\conf\7739 |t Экология и безопасность в техносфере: современные проблемы и пути решения |o сборник трудов Всероссийской научно-практической конференции молодых ученых, аспирантов и студентов, г. Юрга, 27-28 ноября 2014 г. |f Национальный исследовательский Томский политехнический университет (ТПУ), Юргинский технологический институт (ЮТИ) ; под ред. В. М. Гришагин [и др.] |v С. 323-324 |d 2014 | |
| 610 | 1 | |a труды учёных ТПУ | |
| 610 | 1 | |a электронный ресурс | |
| 610 | 1 | |a интерактивное обучение | |
| 610 | 1 | |a спасательное дело | |
| 610 | 1 | |a профессиональная деятельность | |
| 610 | 1 | |a чрезвычайные ситуации | |
| 610 | 1 | |a техносферная безопасность | |
| 701 | 1 | |a Белькова |b Т. А. |c специалист в области экологии и безопасности жизнедеятельности |c aссистент Томского политехнического университета |f 1991- |g Татьяна Анатольевна |9 23025 | |
| 701 | 1 | |a Тадыева |b С. Ю. | |
| 701 | 1 | |a Толстихин |b И. В. | |
| 701 | 1 | |a Родионов |b П. В. |c специалист в области экологии и безопасности жизнедеятельности |c старший преподаватель Юргинский технологический институт (филиала) Томского политехнического университета, кандидат педагогических наук |f 1972- |g Павел Вадимович |3 (RuTPU)RU\TPU\pers\32092 |9 16131 | |
| 801 | 2 | |a RU |b 63413507 |c 20220407 |g RCR | |
| 856 | 4 | 0 | |u http://earchive.tpu.ru/handle/11683/18564 |z http://earchive.tpu.ru/handle/11683/18564 |
| 856 | 4 | 0 | |u http://www.lib.tpu.ru/fulltext/c/2014/C52/107.pdf |z http://www.lib.tpu.ru/fulltext/c/2014/C52/107.pdf |
| 942 | |c CF | ||